Bangladesh 5 biggest provinces - Statistics

General Stats
  • This quiz has been taken 24 times
  • The average score is 3 of 6
Answers on the Grid
Answers color-coded by a green-red scale on the quiz's grid according to % correct below.
Myemenshing
Dhaka
Chittagong
Barishal
Khulna
Sylhet
Rangpur
Rajshahi
It's correct
 
Answer Stats
Answer % Correct
Dhaka
75%
Rajshahi
63%
Chittagong
50%
Rangpur
38%
It's correct
25%
Khulna
25%
No matching quizzes found
Score Distribution
Percent of People with Each Score
Percentile by Number Answered
Your Score History
You have not taken this quiz